Central Library OPAC University of Rajshahi

Plants, genes, and crop biotechnology / (Record no. 60060)

MARC details
000 -LEADER
fixed length control field 01129nam a2200325 a 4500
001 - CONTROL NUMBER
control field 60060
003 - CONTROL NUMBER IDENTIFIER
rucl marc code BD-RjUL
005 - DATE AND TIME OF LATEST TRANSACTION
control field 20211209080811.0
008 - FIXED-LENGTH DATA ELEMENTS--GENERAL INFORMATION
fixed length control field 161228s2003 mauab b 001 0 eng
020 ## - INTERNATIONAL STANDARD BOOK NUMBER
International Standard Book Number 0763715867 (alk. paper)
035 ## - SYSTEM CONTROL NUMBER
System control number (BD-RjUL)60184
040 ## - CATALOGING SOURCE
Original cataloging agency DLC
Transcribing agency DLC
Modifying agency BD-RjUL
Language of cataloging eng
041 ## - LANGUAGE CODE
Language code of text/sound track or separate title eng
082 00 - DEWEY DECIMAL CLASSIFICATION NUMBER
Classification number 363.8
Edition number 23
Author mark and year CHP 2003
100 1# - MAIN ENTRY--PERSONAL NAME
Personal name Chrispeels, Maarten J.,
Dates associated with a name 1938-
9 (RLIN) 176683
245 10 - TITLE STATEMENT
Title Plants, genes, and crop biotechnology /
Statement of responsibility, etc. Maarten J. Chrispeels & David E. Sadava.
250 ## - EDITION STATEMENT
Edition statement 2nd ed.
260 ## - PUBLICATION, DISTRIBUTION, ETC. (IMPRINT)
Place of publication, distribution, etc. Boston :
Name of publisher, distributor, etc. Jones and Bartlett Publisher,
Date of publication, distribution, etc. c2003.
300 ## - PHYSICAL DESCRIPTION
Pagination xxiv, 562 p. :
Illustrations col. ill., col. maps ;
Size 29 cm.
500 ## - GENERAL NOTE
General note Rev. ed. of: Plants, genes, and agriculture. 1994.
504 ## - BIBLIOGRAPHY, ETC. NOTE
Bibliography, etc Includes bibliographical references and index.
650 #0 - SUBJECT ADDED ENTRY--TOPICAL TERM
Topical term or geographic name as entry element Food supply.
9 (RLIN) 175589
Topical term or geographic name as entry element Plant breeding.
9 (RLIN) 178751
Topical term or geographic name as entry element Plant biotechnology.
9 (RLIN) 178752
Topical term or geographic name as entry element Crop improvement.
9 (RLIN) 178753
Topical term or geographic name as entry element Food supply.
9 (RLIN) 175589
700 1# - ADDED ENTRY--PERSONAL NAME
Personal name Sadava, David E.
Personal name Chrispeels, Maarten J.,
Dates associated with a name 1938-
942 ## - ADDED ENTRY ELEMENTS (KOHA)
Source of classification or shelving scheme Dewey Decimal Classification
Koha item type Books
Holdings
Lost status Source of classification or shelving scheme Damaged status Not for loan Collection code Permanent Location Current Location Shelving location Date acquired Source of acquisition Cost, normal purchase price Total Checkouts Full call number Date last seen Copy number Koha item type
  Dewey Decimal Classification   Not For Loan Non-fiction Central Library, University of Rajshahi Central Library, University of Rajshahi Reading Room 19/04/2009 dhaka, paragon Enterprice ltd. 129.95   363.8 CHP 2003 28/12/2016 C-1 Books